Every Language used in the Eurovision Song Contest - Statistics

General Stats
  • This quiz has been taken 61 times
  • The average score is 41 of 61
Answer Stats
Times Used First Used Answer Speakers % Correct
60 1956 Dutch 30.000.000
100%
839 1957 English 1.456.000.000
100%
102 1956 German 133.000.000
100%
71 1961 Spanish 600.000.000
100%
36 1958 Swedish 13.000.000
100%
185 1956 French 310.000.000
98%
36 1960 Norwegian 4.320.000
98%
72 1956 Italian 68.000.000
96%
55 1964 Portuguese 260.000.000
96%
29 1975 Turkish 90.000.000
96%
9 2004 Ukrainian 39.000.000
96%
36 1963 Croatian 6.400.000
94%
34 1961 Finnish 5.000.000
94%
2 2009 Romani 4.600.000
94%
14 1994 Russian 258.000.000
94%
31 1957 Danish 5.600.000
92%
51 1974 Greek 13.500.000
92%
1 1972 Irish 1.870.000
92%
1 2004 Latvian 1.500.000
92%
13 1994 Polish 41.000.000
92%
12 1993 Romanian 25.000.000
92%
25 1961 Serbian 12.000.000
92%
6 2007 Bulgarian 10.000.000
88%
37 1973 Hebrew 9.000.000
88%
4 1994 Lithuanian 3.800.000
88%
2 1980 Arabic 380.000.000
86%
9 1993 Estonian 1.100.000
86%
6 1993 Slovak 7.000.000
86%
23 1966 Slovene 2.500.000
86%
10 2006 Albanian 7.500.000
84%
2 2007 Czech 10.700.000
84%
13 1993 Hungarian 13.000.000
84%
15 1986 Icelandic 314.000
84%
2 2017 Belarusian 5.100.000
76%
16 1964 Bosnian 2.600.000
73%
5 2004 Catalan 9.200.000
73%
3 2012 Georgian 3.760.000
71%
6 2007 Armenian 5.300.000
69%
12 1996 Macedonian 1.600.000
69%
1 2024 Azerbaijani 24.000.000
67%
2 1960 Luxembourgish 300.000
67%
2 1971 Maltese 570.000
67%
1 1989 Romansh 61.000
65%
1 2022 Latin 3.000
63%
6 2007 Montenegrin 232.000
63%
2 1996 Breton 226.000
37%
2 1993 Corsican 130.000
27%
1 2011 Swahili 200.000.000
27%
1 2016 Crimean Tatar 580.000
22%
1 1991 Neapolitan 5.700.000
22%
1 2020 Amharic 58.000.000
18%
3 2003 Imaginary N/A
18%
1 2019 Northern Sámi 20.000
14%
1 2006 Tahitian 68.000
14%
1 2012 Udmurt 270.000
14%
1 2021 Sranan Tongo 670.000
10%
1 1992 Antillean Creole 1.000.000
6%
1 2004 Võro 75.000
6%
1 1999 Samogitian 500.000
4%
1 2007 Surzhyk 4.500.000
2%
1 2024 Yankunytjatjara 600
2%
No matching quizzes found
Score Distribution
Percent of People with Each Score
Percentile by Number Answered
Your Score History
You have not taken this quiz